| 000 | 00937nam a22002297a 4500 | ||
|---|---|---|---|
| 999 |
_c7195 _d7195 |
||
| 003 | AR-CdUCM | ||
| 008 | 190319b ||||| |||| 00| 0 eng d | ||
| 040 |
_aMUNICIPALIDAD PROVINCIAL DEL CUSCO _cBIBLIOTECA MUNICIPAL DEL CUSCO |
||
| 082 |
_a709 / _bP56 |
||
| 100 |
_aPijoán, José _918769 |
||
| 245 |
_aSumma Artis, Historia general del arte : _bLa escultura y rejería española del siglo XVI / |
||
| 260 |
_aMadrid _bEspasa-Calpe, S.A., _c1961. |
||
| 300 |
_a558 páginas ; _bIlustraciones en color y b/n. _c27 cm. |
||
| 500 | _aHojas dañadas | ||
| 505 | _aContenido : La escultura del renacimiento en España -- Ecultura argonesa del siglo XVI -- Escultura castellana del siglo XVI -- Escultura trentina -- La rejería renaciente en España | ||
| 650 |
_aHistoria del Arte _91647 |
||
| 650 |
_aPintura _93081 |
||
| 650 |
_aArte español _91648 |
||
| 700 |
_aJosé Camón Aznar _920281 |
||
| 942 |
_2ddc _cLIBROS |
||
| 945 | _admma | ||